000 00638nam a2200181Ia 4500
999 _c36166
_d36166
001 2068
003 GE_BSU
005 20190513153321.0
008 181216s2011||||ge |||||||||||||| ||geo||
040 _cGE_BSU
041 _ageo
080 _a342.4(479.22) ს–32
245 _aსაქართველოს კონსტიტუცია /
_b2011 წლის 1 ნოებრის მდგომარეობით.
264 _aთბილისი :
_bრაიზი,
_c2011.
300 _a66 გვ. ;
_b20 სმ.
653 _aსაქართველოს კონსტიტუცია
942 _cBK
_2udc